000 00673nam a2200229Ia 4500
003 OSt
005 20220927105220.0
006 a|||||r|||| 00| 0
007 ta
008 220926b |||||||| |||| 00| 0 eng d
024 _a188147
037 _cReference Collections
040 _aRTL
_cRTL
_beng
041 _2eng
_aeng
082 _a"X.58.N8, M7/SC"
100 _aGorbachev Mikhail
_9371049
245 0 _aPerestroika
_b New thinking for our country and the world.
260 _aLondon
_bCallins
_c1987
300 _a254p.
_ccm.
942 _h"X.58.N8, M7/SC"
_cCC
999 _c691291
_d691291